লোডিং...
Shakespearean tragedy /
| প্রধান লেখক: | |
|---|---|
| বিন্যাস: | Printed Book |
| ভাষা: | English |
| প্রকাশিত: |
London:
Macmillan,
c1985.
|
| বিষয়গুলি: |
| LEADER | 00544 a2200169 4500 | ||
|---|---|---|---|
| 008 | 150103s9999 000 0 eng | ||
| 020 | |a 0333387740 | ||
| 082 | |a 822.33D | ||
| 100 | |a Bradley, A. C. | ||
| 245 | |a Shakespearean tragedy / | ||
| 260 | |a London: |b Macmillan, |c c1985. | ||
| 300 | |a 432 p. | ||
| 650 | |a Shakespeare, William. | ||
| 653 | |a Tragedies | ||
| 942 | |c BK | ||
| 999 | |c 301519 |d 301519 | ||
| 952 | |0 0 |1 0 |2 ddc |4 0 |6 822_000000000000000_33D_BRA_SH |7 0 |9 344836 |a DRA |b DRA |c ST1 |d 2010-09-03 |i 4758 |l 0 |o 822.33D BRA/SH |p DRA4758 |r 2019-01-03 |w 2019-01-03 |y BK | ||